Country living 150 ways to dress your windows : (Record no. 26612)

000 -LEADER
fixed length control field 01298cam a22002894a 4500
001 - CONTROL NUMBER
control field 15965543
005 - DATE AND TIME OF LATEST TRANSACTION
control field 20170206081405.0
008 - FIXED-LENGTH DATA ELEMENTS--GENERAL INFORMATION
fixed length control field 091029s2011 nyua 001 0 eng
010 ## - LIBRARY OF CONGRESS CONTROL NUMBER
LC control number 2009046022
020 ## - INTERNATIONAL STANDARD BOOK NUMBER
International Standard Book Number 9781588165466
050 00 - LIBRARY OF CONGRESS CALL NUMBER
Classification number NK2121 .C69 2011
245 00 - TITLE STATEMENT
Title Country living 150 ways to dress your windows :
Remainder of title a decorating guide to curtains, sheers & shades.
246 3# - VARYING FORM OF TITLE
Title proper/short title Country living one hundred fifty ways to dress your windows
246 30 - VARYING FORM OF TITLE
Title proper/short title 150 ways to dress your windows
246 30 - VARYING FORM OF TITLE
Title proper/short title Decorating guide to curtains, sheers & shades
260 ## - PUBLICATION, DISTRIBUTION, ETC. (IMPRINT)
Place of publication, distribution, etc. New York :
Name of publisher, distributor, etc. Hearst Books,
Date of publication, distribution, etc. c2011.
300 ## - PHYSICAL DESCRIPTION
Extent 156 p. :
Other physical details col. ill. ;
Dimensions 24 cm.
500 ## - GENERAL NOTE
General note Cover title.
500 ## - GENERAL NOTE
General note Includes index.
650 #0 - SUBJECT ADDED ENTRY--TOPICAL TERM
Topical term or geographic name as entry element Windows in interior decoration.
730 0# - ADDED ENTRY--UNIFORM TITLE
Uniform title Country living (New York, N.Y.)
942 ## - ADDED ENTRY ELEMENTS (KOHA)
Source of classification or shelving scheme
Koha item type Hard Covered Materials
Holdings
Withdrawn status Lost status Source of classification or shelving scheme Damaged status Not for loan Home library Current library Shelving location Date acquired Source of acquisition Total Checkouts Full call number Barcode Date last seen Price effective from Koha item type
          MACHAKOS UNIVERSITY LIBRARY MACHAKOS UNIVERSITY LIBRARY Open shelf 06/02/2017 Donation(BFA)   NK2121 .C69 2011 33942 06/02/2017 06/02/2017 Hard Covered Materials
© Machakos University Library, Along The Highway, Machakos Wote Rd, Machakos, Kenya P.O. Box 136 - 90100 Machakos - Kenya

Tel: ( +254 ) 723 805829 OR Fax : 044-20353 OR Email: library@mksu.ac.ke